000 00705nam a2200253Ia 4500
003 OSt
005 20220918164340.0
006 a|||||r|||| 00| 0
007 ta
008 220917b |||||||| |||| 00| 0 eng d
020 _a052162259X
024 _a219,414
037 _cTextual
040 _aARTS
_cARTS
_beng
041 _2eng
_aeng
082 _aO111,3M43:g(S5), N8
100 _aStevens Hugh
_918480
245 0 _aHenry James and sexuality
260 _aCambridge
_bCambridge Uni. press
_c1998
300 _axiii, 217p
_ccm.
650 _aJAMES, HENRY; AMERICAN LITERATURE
_918481
942 _hO111,3M43:g(S5), N8
_cTEXL
_2CC
999 _c124387
_d124387